[Event "Cto Aragón Equipos Div Honor Titulo"]
[Site "Aragon"]
[Date "2015.03.14"]
[Round "8.4"]
[White "Rudolf, Anna"]
[Black "Montes Santos, Lorenzo"]
[Result "1-0"]
[WhiteElo "2319"]
[BlackElo "2064"]
[PlyCount "66"]
[EventDate "2015.02.21"]
[WhiteTeam "Jaime Casas"]
[BlackTeam "Helios"]

1. e4 g6 2. Nf3 c6 3. d4 d5 4. Nc3 dxe4 5. Nxe4 Bg7 6. h3 Nd7 7. Bd3 Ngf6 8.
Nxf6+ Nxf6 9. O-O O-O 10. Re1 Qc7 11. c3 c5 12. dxc5 Qxc5 13. Be3 Qc7 14. Qa4
Nd5 15. Bg5 h6 16. Bh4 e6 17. Bg3 Bd7 18. Qa3 Qb6 19. Ne5 Bc6 20. Qb3 Qxb3 21.
axb3 Rfc8 22. Nxc6 Rxc6 23. b4 Rcc8 24. Ra5 Nb6 25. Be4 Nc4 26. Ra2 Nxb2 27.
Bxb7 Bxc3 28. Rc1 Nd3 29. Rxc3 Rxc3 30. Bxa8 Nxb4 31. Rxa7 g5 32. Bf3 Rc1+ 33.
Kh2 Kg7 1-0

[Event "Cto Aragón Equipos Div Honor Titulo"]
[Site "Aragon"]
[Date "2015.03.14"]
[Round "8.5"]
[White "Del Rey, Diego"]
[Black "Lana Rodriguez, David"]
[Result "1/2-1/2"]
[WhiteElo "2390"]
[BlackElo "2254"]
[PlyCount "44"]
[EventDate "2015.02.21"]
[WhiteTeam "El Olivar"]
[BlackTeam "Agrupacion"]

1. d4 Nf6 2. c4 e5 3. dxe5 Ng4 4. Nf3 Nc6 5. Bf4 Bb4+ 6. Nbd2 Qe7 7. e3 Ngxe5
8. Nxe5 Nxe5 9. a3 Bxd2+ 10. Qxd2 O-O 11. Be2 d6 12. O-O Ng6 13. Bg3 Bf5 14.
Rac1 b6 15. Rfd1 a5 16. b3 Rfe8 17. Bf3 Be4 18. Bxe4 Qxe4 19. Qd4 Nf8 20. Qxe4
Rxe4 21. Rd4 Rae8 22. Rxe4 Rxe4 1/2-1/2

[Event "Cto Aragón Equipos Div Honor Titulo"]
[Site "Aragon"]
[Date "2015.03.14"]
[Round "8.6"]
[White "Ramon Perez, Jose Luis"]
[Black "Chueca Forcen, Alberto"]
[Result "1-0"]
[WhiteElo "2237"]
[BlackElo "2305"]
[PlyCount "75"]
[EventDate "2015.02.21"]
[WhiteTeam "Agrupacion"]
[BlackTeam "El Olivar"]

1. e4 e5 2. f4 exf4 3. Nf3 d6 4. d4 g5 5. g3 g4 6. Nh4 f3 7. Nc3 Bg7 8. Be3 Nf6
9. Qd2 Nc6 10. O-O-O Qe7 11. Nd5 Qd8 12. Bh6 Bxh6 13. Qxh6 Nxd5 14. exd5 Ne7
15. Bc4 c6 16. Rhe1 Kd7 17. dxc6+ bxc6 18. d5 Nxd5 19. Bxd5 cxd5 20. Nf5 Kc6
21. Ne7+ Kb7 22. Nxd5 Be6 23. Qf4 Rc8 24. Qb4+ Ka8 25. Qe4 Kb8 26. Re3 Rc5 27.
Rb3+ Kc8 28. Rc3 Rxc3 29. Nxc3 Kd7 30. Qa4+ Ke7 31. Qxa7+ Qd7 32. Qd4 Rc8 33.
Ne4 Qc6 34. c3 d5 35. Qf6+ Kd7 36. Qf4 Qc4 37. Qd6+ Ke8 38. Nf6# 1-0

[Event "Cto Aragón Equipos Div Honor Titulo"]
[Site "Aragon"]
[Date "2015.03.14"]
[Round "8.7"]
[White "Palacios Latasa, Elias"]
[Black "Mimbela Lopez, Miguel A"]
[Result "1/2-1/2"]
[WhiteElo "2248"]
[BlackElo "2148"]
[PlyCount "40"]
[EventDate "2015.02.21"]
[WhiteTeam "El Olivar"]
[BlackTeam "Agrupacion"]

1. Nf3 e6 2. g3 d5 3. Bg2 f5 4. O-O Nf6 5. d3 c6 6. Nbd2 Be7 7. Ne5 O-O 8. e4
Nbd7 9. Nxd7 Nxd7 10. exf5 exf5 11. f4 Bf6 12. Nf3 Nc5 13. Re1 Be6 14. c3 Bf7
15. Be3 Nd7 16. Bd4 Bh5 17. Bxf6 Nxf6 18. Qb3 Bxf3 19. Bxf3 Qb6+ 20. Qxb6 axb6
1/2-1/2

[Event "Cto Aragón Equipos Div Honor Titulo"]
[Site "Aragon"]
[Date "2015.03.14"]
[Round "8.8"]
[White "Carruez Berges, Santiago"]
[Black "Hernando Garcia, Antonio"]
[Result "0-1"]
[WhiteElo "2084"]
[BlackElo "2176"]
[PlyCount "46"]
[EventDate "2015.02.21"]
[WhiteTeam "Agrupacion"]
[BlackTeam "El Olivar"]

1. e4 d5 2. exd5 Qxd5 3. Nc3 Qd8 4. d4 c6 5. Bc4 Bf5 6. Nf3 e6 7. Ne5 Nd7 8.
Bf4 Nxe5 9. Bxe5 Nf6 10. Qe2 Be7 11. f3 O-O 12. g4 Bg6 13. O-O-O Nd5 14. Ne4 b5
15. Bb3 a5 16. a3 a4 17. Bxd5 cxd5 18. Nc5 Qa5 19. Qd2 Qxd2+ 20. Kxd2 Rfc8 21.
Nd3 Bg5+ 22. f4 Be7 23. Rdf1 Bxd3 0-1

[Event "Cto Aragón Equipos Div Honor Titulo"]
[Site "Aragon"]
[Date "2015.03.14"]
[Round "8.9"]
[White "Adla, Diego"]
[Black "Moreno Gracia, Daniel"]
[Result "1-0"]
[WhiteElo "2469"]
[BlackElo "2341"]
[PlyCount "59"]
[EventDate "2015.02.21"]
[WhiteTeam "St. Casablanca"]
[BlackTeam "St. Casablanca B"]

1. Nf3 d5 2. d4 c6 3. c4 Nf6 4. g3 Bf5 5. Nc3 e6 6. Bg2 Nbd7 7. O-O Be7 8. Nh4
Bg4 9. h3 Bh5 10. g4 Bg6 11. Nxg6 hxg6 12. Qd3 Qc7 13. Rd1 O-O-O 14. cxd5 Nxd5
15. Qf3 Rdf8 16. e4 Nxc3 17. bxc3 f5 18. Rb1 Rh4 19. exf5 gxf5 20. gxf5 exf5
21. Re1 Nb6 22. Qg3 Bf6 23. Qg6 Qd7 24. Rb2 Nd5 25. Bd2 Ne7 26. Qg3 f4 27. Bxf4
Nf5 28. Qf3 Nxd4 29. Qe3 Nf5 30. Qxa7 1-0

[Event "Cto Aragón Equipos Div Honor Titulo"]
[Site "Aragon"]
[Date "2015.03.14"]
[Round "8.10"]
[White "Gimenez Martinez, Alberto"]
[Black "Glavina, Pablo"]
[Result "0-1"]
[WhiteElo "2158"]
[BlackElo "2418"]
[PlyCount "112"]
[EventDate "2015.02.21"]
[WhiteTeam "St. Casablanca B"]
[BlackTeam "St. Casablanca"]

1. e4 e5 2. Bc4 Nf6 3. d3 Nc6 4. Nc3 Bc5 5. f4 d6 6. Nf3 Bg4 7. Na4 O-O 8. Nxc5
dxc5 9. O-O Qd6 10. Qd2 Bxf3 11. gxf3 Nd7 12. Bd5 exf4 13. Bxc6 Qxc6 14. Qxf4
Rae8 15. Bd2 Qd6 16. Kh1 Re6 17. Rg1 Qxf4 18. Bxf4 c6 19. Bd2 f5 20. Rae1 g6
21. Kg2 fxe4 22. fxe4 c4 23. d4 Nf6 24. e5 Nd5 25. c3 Re7 26. Rgf1 Rxf1 27.
Rxf1 Rf7 28. Rxf7 Kxf7 29. Kf3 Ke6 30. Ke4 b5 31. a3 a5 32. h4 Ne7 33. Be1 Nd5
34. Bd2 Nb6 35. Bg5 Nd5 36. Bd8 b4 37. Bxa5 Nxc3+ 38. Ke3 Nd5+ 39. Kd2 b3 40.
Bd8 c5 41. dxc5 Kxe5 42. a4 Ke6 43. a5 Kd7 44. Bb6 Kc6 45. Ba7 h6 46. Bb8 Kxc5
47. a6 Kb6 48. a7 Kb7 49. Kc1 g5 50. hxg5 hxg5 51. Kd2 g4 52. Kc1 Nf6 53. Be5
Ne4 54. Kd1 g3 55. Ke2 g2 56. Bd4 c3 0-1

[Event "Cto Aragón Equipos Div Honor Titulo"]
[Site "Aragon"]
[Date "2015.03.14"]
[Round "8.11"]
[White "Quintin Navarro, Alberto"]
[Black "Cortes Lizano, Jesus"]
[Result "0-1"]
[WhiteElo "2331"]
[BlackElo "2128"]
[PlyCount "70"]
[EventDate "2015.02.21"]
[WhiteTeam "St. Casablanca"]
[BlackTeam "St. Casablanca B"]

1. d4 d5 2. c4 e6 3. Nf3 Nd7 4. g3 dxc4 5. Bg2 Rb8 6. O-O b5 7. e4 Ngf6 8. Qe2
Be7 9. Nbd2 O-O 10. e5 Nd5 11. Ne4 c5 12. Nd6 Qb6 13. Nxc8 Rfxc8 14. Rd1 Qc7
15. Bg5 Bf8 16. Rac1 h6 17. Qe4 cxd4 18. Rxd4 Bc5 19. Rdd1 hxg5 20. Nxg5 Nf8
21. Re1 Nb4 22. Qh4 Nd3 23. Be4 Bxf2+ 24. Kf1 Bxe1 25. Bxd3 Qxe5 26. Bh7+ Nxh7
27. Qxh7+ Kf8 28. Qh5 Qf5+ 29. Kxe1 Rc5 30. Qh8+ Ke7 31. Qxb8 Re5+ 32. Ne4
Rxe4+ 33. Kd2 Qd5+ 34. Kc3 Qd3+ 35. Kb4 c3+ 0-1

[Event "Cto Aragón Equipos Div Honor Titulo"]
[Site "Aragon"]
[Date "2015.03.14"]
[Round "8.12"]
[White "Arregui Untoria, Carlos"]
[Black "Lopez Gracia, Fernando"]
[Result "0-1"]
[WhiteElo "2072"]
[BlackElo "2327"]
[PlyCount "106"]
[EventDate "2015.02.21"]
[WhiteTeam "St. Casablanca B"]
[BlackTeam "St. Casablanca"]

1. d4 d6 2. c4 g6 3. Nc3 Bg7 4. e4 e5 5. d5 a5 6. Be3 Na6 7. Bd3 h5 8. Qd2 Bh6
9. Bxh6 Nxh6 10. Nge2 Nc5 11. O-O Nxd3 12. Qxd3 O-O 13. a3 a4 14. Rac1 Bd7 15.
c5 Kh7 16. Qc4 Ra6 17. c6 Bc8 18. cxb7 Bxb7 19. Nxa4 Qa8 20. Nac3 c5 21. dxc6
Bxc6 22. Nd5 Bxd5 23. Qxd5 Qxd5 24. exd5 Rb8 25. Rc2 Ra5 26. Nc3 Nf5 27. Ne4
Kg7 28. Rd2 Rb6 29. h3 Nd4 30. Nc3 Nb3 31. Re2 Nd4 32. Rd2 g5 33. a4 Kg6 34.
Rb1 Rb4 35. Kf1 Ra6 36. f3 h4 37. Kf2 Nb3 38. Re2 Nc5 39. b3 Rxb3 40. Rxb3 Nxb3
41. Ra2 Ra5 42. Ke3 Rc5 43. Rc2 Nd4 44. Rc1 Nf5+ 45. Kd3 Ne7 46. Ra1 Nxd5 47.
Ne4 Nb4+ 48. Ke3 Ra5 49. Kd2 d5 50. Nd6 Nc6 51. Nb7 Ra7 52. Nc5 Nd4 53. Kc3 Rc7
0-1

[Event "Cto Aragón Equipos D. Honor 7 al 10"]
[Site "Aragon"]
[Date "2015.03.14"]
[Round "8.13"]
[White "Gracia Campo, Carlos Alberto"]
[Black "Hefty, Jorge W"]
[Result "0-1"]
[WhiteElo "2076"]
[BlackElo "2325"]
[PlyCount "82"]
[EventDate "2015.??.??"]
[WhiteTeam "El Olivar B"]
[BlackTeam "Ibercaja"]

1. e4 c5 2. Nf3 e6 3. d4 cxd4 4. Nxd4 a6 5. Bd3 Nf6 6. O-O d6 7. Nc3 b5 8. a3
Bb7 9. f4 Nbd7 10. Kh1 Be7 11. Qe2 Qc7 12. Bd2 O-O 13. Rae1 Rad8 14. e5 dxe5
15. fxe5 Qxe5 16. Nf5 exf5 17. Qxe5 Nxe5 18. Rxe5 Bd6 19. Rexf5 Ng4 20. Bf4 Be7
21. Bg5 f6 22. Bc1 g6 23. R5f4 f5 24. Re1 Bd6 25. Rd4 Bb8 26. Rxd8 Rxd8 27. Re7
Bc8 28. h3 Nf2+ 29. Kg1 Nxd3 30. cxd3 Bd6 31. Re2 Bb7 32. Bg5 Rd7 33. d4 Kg7
34. Re6 h6 35. Bd2 Kf7 36. Re2 Bf8 37. Be3 g5 38. Rd2 b4 39. axb4 Bxb4 40. d5
a5 41. Rd1 {TIEMPO} Kg6 0-1

[Event "Cto Aragón Equipos D. Honor 7 al 10"]
[Site "Aragon"]
[Date "2015.03.14"]
[Round "8.14"]
[White "Aguirre Izaguirre, Pedro Jose"]
[Black "Bailo Remacha, Santiago"]
[Result "1-0"]
[WhiteElo "2182"]
[BlackElo "2036"]
[PlyCount "71"]
[EventDate "2015.??.??"]
[WhiteTeam "Ibercaja"]
[BlackTeam "El Olivar B"]

1. c4 c5 2. Nc3 Nc6 3. g3 g6 4. Bg2 Bg7 5. e4 Nf6 6. Nge2 O-O 7. O-O d6 8. h3
a6 9. d3 e5 10. f4 Nd4 11. Nxd4 cxd4 12. Ne2 h5 13. f5 Nh7 14. Kh2 h4 15. Qe1
g5 16. Rg1 Kh8 17. Bf3 Bd7 18. Rg2 Qe7 19. Ng1 Bf6 20. b3 Rg8 21. Ba3 Bc6 22.
Rc1 Qf8 23. Bg4 Be7 24. Nf3 Qh6 25. Qd2 hxg3+ 26. Rxg3 Nf6 27. Nxe5 dxe5 28.
Bxe7 Nxg4+ 29. Rxg4 f6 30. Qb4 Kg7 31. Rcg1 Rh8 32. R1g3 Qh5 33. Rxg5+ fxg5 34.
Rxg5+ Qxg5 35. Bxg5 Rhe8 36. Qd6 1-0

[Event "Cto Aragón Equipos D. Honor 7 al 10"]
[Site "Aragon"]
[Date "2015.03.14"]
[Round "8.15"]
[White "Bayod Rubia, Angel"]
[Black "Jimenez Fernandez, Alejandro"]
[Result "0-1"]
[WhiteElo "2010"]
[BlackElo "2007"]
[PlyCount "80"]
[EventDate "2015.??.??"]
[WhiteTeam "El Olivar B"]
[BlackTeam "Ibercaja"]

1. e4 c6 2. d4 d5 3. e5 c5 4. Nf3 Nc6 5. dxc5 Bg4 6. Be2 e6 7. O-O Bxc5 8. Nbd2
Nge7 9. h3 Bh5 10. c3 O-O 11. Nb3 Bb6 12. Nfd4 Bxe2 13. Qxe2 Qb8 14. f4 Nf5 15.
Qd3 a5 16. a4 Qa7 17. Rd1 Rac8 18. Be3 Nce7 19. Nxf5 Nxf5 20. Nd4 Nxe3 21. Qxe3
Rc4 22. b3 Rc7 23. Rd3 Rfc8 24. Rad1 Bc5 25. Kh2 Qb6 26. Rb1 g6 27. Qf3 Bxd4
28. cxd4 Qb4 29. Rbd1 Rc3 30. Rxc3 Qxc3 31. Rd3 Qc1 32. f5 exf5 33. h4 Qe1 34.
Kh3 Rc2 35. Qxd5 Qh1+ 36. Kg3 f4+ 37. Kxf4 Qxh4+ 38. g4 h5 39. Qd7 Re2 40. Rf3
g5+ 0-1

[Event "Cto Aragón Equipos D. Honor 7 al 10"]
[Site "Aragon"]
[Date "2015.03.14"]
[Round "8.16"]
[White "Castillo Sanjuan, Daniel"]
[Black "Arinez Bruna, Octavio"]
[Result "1-0"]
[WhiteElo "1998"]
[BlackElo "1979"]
[PlyCount "81"]
[EventDate "2015.??.??"]
[WhiteTeam "Ibercaja"]
[BlackTeam "El Olivar B"]

1. e4 c5 2. Nf3 d6 3. d4 cxd4 4. Nxd4 Nf6 5. Nc3 a6 6. a4 e5 7. Nb3 Be7 8. Be2
O-O 9. O-O Be6 10. Be3 Nbd7 11. f3 Nb6 12. Bf2 Rc8 13. a5 Nc4 14. Na4 d5 15.
Bxc4 Rxc4 16. Nb6 Rc6 17. Qe2 dxe4 18. fxe4 Qc7 19. c4 Bxc4 20. Nxc4 Rxc4 21.
Rac1 Rc8 22. Bg3 Bc5+ 23. Kh1 Bd6 24. Rcd1 Nxe4 25. Be1 Bb4 26. Rf3 Bxe1 27.
Qxe1 Rd8 28. Ra1 f6 29. Rb1 Qd6 30. Qe2 Rb4 31. Qc2 Nd2 32. Rd1 Rc4 (32... Rd4
33. Nxd4 Nxf3) 33. Rc3 Rxc3 (33... Rf4 34. Nxd2 Qxd2) 34. Qxc3 Qd3 35. Qxd2 e4
36. Qxd3 exd3 37. Kg1 Kf7 38. Kf2 Rd5 39. Ke3 Rg5 40. Rd2 h5 41. h3 1-0

[Event "Cto Aragón Equipos D. Honor 7 al 10"]
[Site "Aragon"]
[Date "2015.03.14"]
[Round "8.17"]
[White "Roche Simon, Manuel Angel"]
[Black "Laliena Solanes, Luis"]
[Result "0-1"]
[WhiteElo "2144"]
[BlackElo "2150"]
[PlyCount "80"]
[EventDate "2015.??.??"]
[WhiteTeam "Delicias"]
[BlackTeam "ONCE Aragon"]

1. e4 c6 2. d4 d5 3. e5 Bf5 4. c3 e6 5. Be3 Nd7 6. Nd2 Ne7 7. f4 Bg6 8. Ngf3
Nf5 9. Bf2 h5 10. g3 Be7 11. Be2 b5 12. a4 a6 13. O-O Rb8 14. axb5 axb5 15. b4
Nb6 16. Kg2 Ra8 17. Rxa8 Qxa8 18. h3 Kd7 19. Nb3 Qa2 20. Nfd2 Nc4 21. Nxc4 bxc4
22. Nc5+ Bxc5 23. dxc5 Ra8 24. g4 hxg4 25. hxg4 Nh6 26. Kg3 Qb2 27. Qe1 Bd3 28.
Bxd3 cxd3 29. Qe3 Ra3 30. Qc1 Qxc1 31. Rxc1 d2 32. Rd1 Rxc3+ 33. Kh4 Rc4 34.
Be3 Rxb4 35. Rxd2 Ra4 36. Rd3 f5 37. g5 Ng4 38. Bd2 Rc4 39. Ra3 Nxe5 40. Kh5
Rc2 {Bandera.} 0-1

[Event "Cto Aragón Equipos D. Honor 7 al 10"]
[Site "Aragon"]
[Date "2015.03.14"]
[Round "8.18"]
[White "Latorre Abad, Fernando"]
[Black "Lamas Mercadal, Manuel"]
[Result "1/2-1/2"]
[WhiteElo "2054"]
[BlackElo "2127"]
[PlyCount "61"]
[EventDate "2015.??.??"]
[WhiteTeam "ONCE Aragon"]
[BlackTeam "Delicias"]

1. e4 e6 2. d3 c5 3. g3 Nc6 4. Bg2 g6 5. f4 Bg7 6. Nf3 Nge7 7. O-O O-O 8. c3 d6
9. Na3 b6 10. Nc2 Ba6 11. Be3 Rc8 12. Re1 f5 13. d4 fxe4 14. Ng5 Qd7 15. dxc5
bxc5 16. Nxe4 Rcd8 17. Qd2 Bc4 18. Rad1 Bd5 19. Bf2 Nf5 20. b3 Rfe8 21. g4 Nfe7
22. c4 Bxe4 23. Bxe4 d5 24. Bxc5 Qc8 25. cxd5 exd5 26. Bf3 Ne5 27. fxe5 Qxc5+
28. Qf2 Qc7 29. Nd4 Qb6 30. Nc2 Qc7 31. Nd4 1/2-1/2

[Event "Cto Aragón Equipos D. Honor 7 al 10"]
[Site "Aragon"]
[Date "2015.03.14"]
[Round "8.19"]
[White "Naya Sancho, Jose Ignacio"]
[Black "Ferrer Echavarri, Fco Javier"]
[Result "1/2-1/2"]
[WhiteElo "2126"]
[BlackElo "1953"]
[PlyCount "51"]
[EventDate "2015.??.??"]
[WhiteTeam "Delicias"]
[BlackTeam "ONCE Aragon"]

1. d4 Nf6 2. Nf3 e6 3. e3 b6 4. Bd3 Ba6 5. Bxa6 Nxa6 6. Qe2 Qc8 7. O-O c5 8. c3
Be7 9. e4 d5 10. e5 Nd7 11. a3 Nc7 12. Bg5 Qd8 13. Bxe7 Qxe7 14. Nbd2 O-O 15.
b4 c4 16. a4 a6 17. Ne1 f5 18. f4 Qf7 19. Rf3 Qh5 20. Qf2 h6 21. Rh3 Qg6 22.
Nef3 Kf7 23. Nh4 Qh7 24. Nhf3 Qg6 25. Nh4 Qh7 26. Nhf3 1/2-1/2

[Event "Cto Aragón Equipos D. Honor 7 al 10"]
[Site "Aragon"]
[Date "2015.03.14"]
[Round "8.20"]
[White "Sanz Lopez, Ruben"]
[Black "Neila Castillo, Miguel Angel"]
[Result "0-1"]
[WhiteElo "1936"]
[BlackElo "2116"]
[PlyCount "106"]
[EventDate "2015.??.??"]
[WhiteTeam "ONCE Aragon"]
[BlackTeam "Delicias"]

1. d4 Nf6 2. Bg5 Ne4 3. Bh4 c5 4. f3 Qa5+ 5. c3 Nf6 6. d5 d6 7. e4 Nbd7 8. Nd2
b5 9. a4 bxa4 10. Rxa4 Qc7 11. Qa1 g6 12. Ba6 Bxa6 13. Rxa6 Bg7 14. Ne2 O-O 15.
O-O Rfb8 16. Nc4 Qb7 17. Qa2 Nb6 18. Nxb6 axb6 19. Ra1 Rxa6 20. Qxa6 Qxa6 21.
Rxa6 h6 22. Ra7 g5 23. Bg3 Kf8 24. Kf1 b5 25. b3 Nh5 26. Be1 Bf6 27. Bd2 Kg8
28. Ra6 Kh7 29. Ke1 Kg6 30. Kd1 Ng7 31. Ng3 Be5 32. Nf1 f5 33. h3 fxe4 34. fxe4
Nh5 35. Ra7 Kf7 36. Ke2 Ng3+ 37. Nxg3 Bxg3 38. Kf3 Be5 39. Kg4 b4 40. c4 Kf6
41. Bc1 Rh8 42. Kh5 Bc3 43. Ra6 Ke5 44. Ra7 Kxe4 45. Rxe7+ Kd3 46. Kg6 Kc2 47.
Be3 Kxb3 48. Bxc5 dxc5 49. d6 Kxc4 50. d7 Rd8 51. Kf5 b3 52. Ke6 b2 53. Re8
Rxd7 0-1

[Event "Cto Aragón Equipos Div Honor Descenso"]
[Site "Aragon"]
[Date "2015.03.14"]
[Round "8.21"]
[White "Cebrian Valverde, Jose Antonio"]
[Black "Sacristan Latorre, Alberto"]
[Result "1/2-1/2"]
[WhiteElo "2140"]
[BlackElo "2021"]
[PlyCount "87"]
[EventDate "2015.02.21"]
[WhiteTeam "San Jose"]
[BlackTeam "CMU Cerbuna"]

1. d4 {[%emt 0:00:00]} Nf6 2. c4 g6 3. Nc3 Bg7 4. e4 d6 5. Be2 O-O 6. Bg5 Na6
7. Qd2 c5 8. d5 Nc7 9. h4 a6 10. a4 Bd7 11. a5 Rb8 12. h5 b5 13. axb6 Rxb6 14.
Bh6 Qb8 15. Bxg7 Kxg7 16. Rb1 a5 17. hxg6 fxg6 18. Nf3 Rh8 19. e5 dxe5 20. Nxe5
Bf5 21. Nd3 h6 22. f3 e6 23. Na4 Rd6 24. Qf4 Na6 25. O-O exd5 26. g4 Bxd3 27.
Bxd3 Nb4 28. Rbd1 Rhd8 29. g5 hxg5 30. Qxg5 Nxd3 31. Rxd3 dxc4 32. Re3 Nd5 33.
Re4 Rh8 34. Qe5+ Rf6 35. Nxc5 Qxe5 36. Rxe5 Rf5 37. Rxf5 gxf5 38. Nb7 Ne3 39.
Ra1 Rb8 40. Nxa5 Rxb2 41. Rc1 Rb5 42. Kf2 f4 43. Nxc4 Nxc4 44. Rxc4 1/2-1/2

[Event "Cto Aragón Equipos Div Honor Descenso"]
[Site "Aragon"]
[Date "2015.03.14"]
[Round "8.22"]
[White "Colom Sienes, Eduardo"]
[Black "Gimeno Oteo, Marco Antonio"]
[Result "1/2-1/2"]
[WhiteElo "2005"]
[BlackElo "2072"]
[PlyCount "78"]
[EventDate "2015.02.21"]
[WhiteTeam "CMU Cerbuna"]
[BlackTeam "San Jose"]

1. e4 e5 2. Nf3 Nc6 3. Bc4 Nf6 4. Ng5 d5 5. exd5 Nd4 6. c3 b5 7. Bf1 Nxd5 8.
Nxf7 Kxf7 9. cxd4 exd4 10. Bxb5 Bc5 11. O-O Qd6 12. Qf3+ Kg8 13. d3 Bb7 14. Nd2
Rf8 15. Nc4 Qe6 16. Qg3 h5 17. Bg5 h4 18. Bxh4 Nf4 19. Rae1 Ne2+ 20. Rxe2 Qxe2
21. Ne5 Bd5 22. Ng6 Bd6 23. Qg5 Rh5 24. Ne7+ Bxe7 25. Qxe7 Qxe7 26. Bxe7 Rb8
27. Bd7 Rxb2 28. a4 Kf7 29. Bg4 Rh8 30. Bc5 Ra2 31. h3 Re8 32. Rc1 c6 33. Rb1
Rxa4 34. Rb7+ Kf6 35. Rxa7 Rxa7 36. Bxd4+ Kf7 37. Bxa7 Ra8 38. Be3 Ra1+ 39. Kh2
Rf1 1/2-1/2

[Event "Cto Aragón Equipos Div Honor Descenso"]
[Site "Aragon"]
[Date "2015.03.14"]
[Round "8.23"]
[White "Gutierrez Mingueza, Ruben"]
[Black "Gomez Salinas, Nestor"]
[Result "1/2-1/2"]
[WhiteElo "2076"]
[BlackElo "1938"]
[PlyCount "97"]
[EventDate "2015.02.21"]
[WhiteTeam "San Jose"]
[BlackTeam "CMU Cerbuna"]

1. d4 {[%emt 0:00:00]} Nf6 2. Bg5 Ne4 3. Bh4 g5 4. f3 gxh4 5. fxe4 d5 6. exd5
h3 7. g3 Qxd5 8. Nf3 Qb5 9. e4 Qxb2 10. Nbd2 Qc3 11. Rb1 Bh6 12. Bd3 Bg4 13.
O-O Be3+ 14. Kh1 Bxd2 15. Rb3 Qa5 16. Rb5 Bxf3+ 17. Rxf3 Qxa2 18. Qxd2 Qa1+ 19.
Rf1 Qxd4 20. Rd5 Qb6 21. Qc3 Rf8 22. Rb5 Qd6 23. Rxb7 c6 24. Rb4 Nd7 25. Rc4
Rc8 26. Rd4 Qc5 27. Rc4 Qe5 28. Qa3 a5 29. Rf5 Rb8 30. Kg1 Qc7 31. Qxa5 Qxa5
32. Rxa5 c5 33. Bf1 f5 34. Bxh3 Ne5 35. Rca4 Nf3+ 36. Kf2 fxe4 37. Ke3 Nxh2 38.
Ra8 Rf3+ 39. Kxe4 Rxa8 40. Rxa8+ Kf7 41. Ra6 Rxg3 42. Rh6 Kg7 43. Rh4 Rc3 44.
Kd5 Rxc2 45. Rxh7+ Kf6 46. Bc8 Ng4 47. Bxg4 e6+ 48. Bxe6 Rd2+ 49. Kxc5 1/2-1/2

[Event "Cto Aragón Equipos Div Honor Descenso"]
[Site "Aragon"]
[Date "2015.03.14"]
[Round "8.24"]
[White "Juanes Garcia, Olaya"]
[Black "Palomar Ramon, Santiago"]
[Result "0-1"]
[WhiteElo "1797"]
[BlackElo "1949"]
[PlyCount "86"]
[EventDate "2015.02.21"]
[WhiteTeam "CMU Cerbuna"]
[BlackTeam "San Jose"]

1. e4 e6 2. d4 d5 3. e5 c5 4. c3 Qb6 5. Nf3 Nc6 6. a3 c4 7. g3 Na5 8. Nbd2 Bd7
9. Bg2 f5 10. Qe2 O-O-O 11. O-O Be7 12. Re1 g5 13. Nf1 Nb3 14. Rb1 Nxc1 15.
Rexc1 g4 16. N3d2 Bg5 17. b3 Ne7 18. bxc4 Qa6 19. Ne3 Bc6 20. Bf1 Kb8 21. Nb3
b6 22. Qa2 dxc4 23. Nc5 Qc8 24. Bxc4 Bd5 25. Nxd5 exd5 26. Ba6 Qc6 27. Rd1 h5
28. Qe2 h4 29. Bb5 Qh6 30. e6 hxg3 31. Na6+ Kb7 32. fxg3 Be3+ 33. Kf1 f4 34.
Rd3 Nf5 35. Nc5+ bxc5 36. Ba6+ Kc6 37. Qb2 Rb8 38. Bb7+ Kc7 39. Qb5 Nxg3+ 40.
Ke1 Qxe6 41. Qxc5+ Kd8 42. Qa5+ Ke7 43. Qc7+ Kf6 0-1

[Event "Cto Aragón Equipos Div Honor Descenso"]
[Site "Aragon"]
[Date "2015.03.14"]
[Round "8.25"]
[White "Salamero Pelay, Fernando"]
[Black "Fernandez Rubio, Rafael"]
[Result "1-0"]
[WhiteElo "2164"]
[BlackElo "2114"]
[PlyCount "45"]
[EventDate "2015.02.21"]
[WhiteTeam "Club atletismo Huesca"]
[BlackTeam "Tauste"]

1. e4 d6 2. d4 Nf6 3. Nc3 e5 4. Nf3 Nbd7 5. g4 Nxg4 6. Rg1 Ngf6 7. Bc4 h6 8.
Be3 c6 9. dxe5 dxe5 10. Qd3 b5 11. Bb3 Qa5 12. O-O-O Ba6 13. Ne2 c5 14. Bd5 c4
15. Qc3 Bb4 16. Bxf7+ Kf8 17. Rxd7 Nxd7 18. Bc5+ Nxc5 19. Qxe5 Rd8 20. Qxg7+
Ke7 21. Bd5+ Kd6 22. Rg6+ Ne6 23. Rxe6+ 1-0

[Event "Cto Aragón Equipos Div Honor Descenso"]
[Site "Aragon"]
[Date "2015.03.14"]
[Round "8.26"]
[White "Sierra Aguerri, Joaquin"]
[Black "Luis Vitalla, Fernando"]
[Result "1-0"]
[WhiteElo "2053"]
[BlackElo "2143"]
[PlyCount "107"]
[EventDate "2015.02.21"]
[WhiteTeam "Tauste"]
[BlackTeam "Club atletismo Huesca"]

1. e4 e5 2. Nf3 Nc6 3. Bc4 Bc5 4. d4 Bxd4 5. Nxd4 Nxd4 6. O-O Nf6 7. f4 d6 8.
fxe5 dxe5 9. Bg5 Qe7 10. Na3 Be6 11. c3 Nc6 12. Bxe6 Qxe6 13. Bxf6 gxf6 14. Nc2
Rg8 15. Ne3 Ne7 16. Qd2 Rd8 17. Qe2 Rg6 18. Rad1 Qc6 19. Rxd8+ Kxd8 20. Rd1+
Kc8 21. Qd3 Rg8 22. b4 Qe6 23. b5 Ng6 24. Kh1 Nf4 25. Qd2 h5 26. g3 Ng6 27. Qd5
Ne7 28. Qxe6+ fxe6 29. Rf1 Rf8 30. Kg2 Ng6 31. Rd1 Rd8 32. Rf1 Rf8 33. Nc4 Kd7
34. Na5 b6 35. Rd1+ Kc8 36. Nc6 f5 37. Nxa7+ Kb7 38. Nc6 Kc8 39. a4 Re8 40. c4
h4 41. a5 bxa5 42. c5 hxg3 43. hxg3 a4 44. Ra1 Kb7 45. Rxa4 Ra8 46. Na5+ Kc8
47. c6 fxe4 48. Ra1 Ne7 49. Kf2 Nd5 50. Rh1 Kb8 51. Rh8+ Ka7 52. Rxa8+ Kxa8 53.
Nc4 Ka7 54. g4 1-0

[Event "Cto Aragón Equipos Div Honor Descenso"]
[Site "Aragon"]
[Date "2015.03.14"]
[Round "8.27"]
[White "Gella Lopez, Angel"]
[Black "Bogomilov Georgiev, Georgi Ii"]
[Result "1-0"]
[WhiteElo "2089"]
[BlackElo "2015"]
[PlyCount "115"]
[EventDate "2015.02.21"]
[WhiteTeam "Club atletismo Huesca"]
[BlackTeam "Tauste"]

1. d4 Nf6 2. c4 e6 3. g3 Bb4+ 4. Bd2 Qe7 5. Bg2 Nc6 6. Nf3 Ne4 7. O-O O-O 8.
Be3 Qe8 9. a3 Be7 10. d5 Nd8 11. Nd4 Nf6 12. Nb5 Bd6 13. c5 Be5 14. f4 Nxd5 15.
Bxd5 Bxb2 16. Nxc7 Qe7 17. Ra2 Bf6 18. Be4 Rb8 19. Nb5 b6 20. Qc2 Ba6 21. Nxa7
d5 22. Bxh7+ Kh8 23. cxb6 d4 24. Bd2 Rxb6 25. Bb4 Rxb4 26. axb4 d3 27. Bxd3
Qxa7+ 28. Kg2 Bb7+ 29. e4 Qd4 30. b5 g5 31. Nd2 gxf4 32. Rxf4 Be7 33. Nf3 Qe3
34. Qe2 Bc5 35. Qb2+ f6 36. Rxf6 Kg8 37. Rxf8+ Kxf8 38. Qh8+ Ke7 39. Qh4+ Ke8
40. Qh5+ Nf7 41. Re2 Qxd3 42. Qxf7+ Kxf7 43. Ne5+ Kf6 44. Nxd3 Bd4 45. Kf3 Bc8
46. Nb4 Bb6 47. Rc2 Bd7 48. Nc6 e5 49. Rd2 Be6 50. g4 Kg5 51. Nxe5 Bc7 52. h4+
Kxh4 53. Rh2+ Kg5 54. Rh5+ Kf6 55. Nc6 Bb3 56. Nd4 Bd1+ 57. Ne2 Ba4 58. b6 1-0